000 00392nam a2200133Ia 4500
008 240719s9999 xx 000 0 und d
041 _aeng
082 _a658.1 GOY
100 _aGoyal Malini
245 _aUnboxing Bengaluru: The City Of New Beginnings
260 _aHaryana
_bPenguin Random House India
_c2023
300 _a331.; P. 22 cm
520 _aFaculty Purchase by Dr. Senthil Kumar S.
999 _c41475
_d41475